000 01362nam a2200337Ia 4500
001 ebr5000165
003 CaPaEBR
006 m u
007 cr cn|||||||||
008 960827s1996 pauab sb 001 0 eng d
010 _z 96038627
020 _z1556197764 (alk. paper)
040 _aCaPaEBR
_cCaPaEBR
035 _a(OCoLC)70768490
050 1 4 _aPM55
_b.A55 1996eb
082 0 4 _a497/.1
_220
100 1 _aAllen, Shanley.
245 1 0 _aAspects of argument structure acquisition in Inuktitut
_h[electronic resource] /
_cShanley E. M. Allen.
260 _aPhiladelphia :
_bJohn Benjamins Publishing,
_c1996.
300 _axviii, 248 p. :
_bill., maps.
490 1 _aLanguage acquisition & language disorders,
_x0925-0123 ;
_vv. 13
504 _aIncludes bibliographical references and index.
533 _aElectronic reproduction.
_bPalo Alto, Calif. :
_cebrary,
_d2013.
_nAvailable via World Wide Web.
_nAccess may be limited to ebrary affiliated libraries.
546 _aEnglish.
650 0 _aInuktitut dialect
_xAcquisition.
650 0 _aInuktitut dialect
_xSyntax.
655 7 _aElectronic books.
_2local
710 2 _aebrary, Inc.
830 0 _aLanguage acquisition & language disorders ;
_vv. 13.
856 4 0 _uhttp://site.ebrary.com/lib/rucke/Doc?id=5000165
_zAn electronic book accessible through the World Wide Web; click to view
999 _c17119
_d17119